• 首页
  • 本馆介绍
  • 公告通知
  • 最新文献
  • 馆藏检索
  • 电子资源
  • 读者导购
  • 参考咨询
  • 我的图书馆
  • 登录
  • 详细信息显示
  • 放入我的书架
  • 预约/预借图书
  • 作者相关作品
  • 分类相关作品
  • 丛书相关作品
  • 出版社相关作品

书目信息

  • 表格格式
  • 工作单格式
  • 卡片格式
题名:
刀术
    
 
作者: 林小美 主编 ;陈泽韬 译
分册:  
出版信息: 北京   北京体育大学出版社  2022.06
页数: 148页
开本: 24cm
丛书名:
单 册:
中图分类: G852.22
科图分类:
主题词: 刀术(武术)--基本知识--中国
电子资源:
ISBN: 978-7-5644-3661-2
000 00885nam0 2200265 450
001 012001001443
005 20141202145158.0
010    @a978-7-5644-3661-2@dCNY100.00
100    @a20220905d2022 em y0chiy50 ea
101 0  @achi@aeng
102    @aCN@b110000
105    @aa z 000yy
106    @ar
200 1  @a刀术@Adao shu@d= Broadsword@f林小美主编@g陈泽韬译@zeng
210    @a北京@c北京体育大学出版社@d2022.06
215    @a148页@c彩图@d24cm
300    @a国际中文教育武术技术推广系列教材/李士英总主编
330    @a本书内容包括:武礼篇、刀术概述、刀术基本动作、刀术动作技法、刀术段前九级考评技术内容、刀术段位考评技术内容。
510 1  @aBroadsword@zeng
606 0  @a刀术(武术)@x基本知识@y中国
690    @aG852.22@v5
701  0 @a林小美@Alin xiao mei@4主编
702  0 @a陈泽韬@Achen ze tao@4译
801  0 @aCN@bAHXH@c20221111
905    @b1371107-11@dG852.22@e572@f5
    
    刀术= Broadsword/林小美主编/陈泽韬译.-北京:北京体育大学出版社,2022.06
    148页:彩图;24cm
    国际中文教育武术技术推广系列教材/李士英总主编
    
    ISBN 978-7-5644-3661-2:CNY100.00
    本书内容包括:武礼篇、刀术概述、刀术基本动作、刀术动作技法、刀术段前九级考评技术内容、刀术段位考评技术内容。
●
相关链接 在E读中查询图书 在五车中查询图书 在当当中查询图书 在豆瓣中查询图书


正题名:刀术     索取号:G852.22/572         预约/预借

序号 登录号 条形码 馆藏地/架位号 状态 备注
1 1371107   213711072   第一样本阅览室/ [索取号:G852.22/572] 在馆    
2 1371108   213711081   教育系资料室/ [索取号:G852.22/572] 在馆    
3 1371109   213711090   教育系资料室/ [索取号:G852.22/572] 在馆    
4 1371110   213711107   第四借阅区/ [索取号:G852.22/572] 在馆    
5 1371111   213711116   第四借阅区/ [索取号:G852.22/572] 在馆    
唐山师范学院图书馆 欢迎您!
大连网信软件有限公司© 版权所有